| 000 | 00545nam a22001817a 4500 | ||
|---|---|---|---|
| 003 | OSt | ||
| 005 | 20260504042648.0 | ||
| 008 | 260504b |||||||| |||| 00| 0 eng d | ||
| 020 | _a9780307455871 | ||
| 040 |
_aDWCL Main Lib. _cOC |
||
| 082 | _aProf. 973.4 O12t 2006 | ||
| 100 |
_aObama, Barack _eAuthor |
||
| 245 |
_aThe audacity of hope : _bthoughts on reclaiming the American dream / _cBarack Obama |
||
| 250 | _aFirst edition | ||
| 260 |
_aUnited States : _bVintage Book, _cc2006. |
||
| 300 |
_a448 pages ; _c17cm. |
||
| 942 |
_2ddc _cPROF. _n0 |
||
| 999 |
_c10197 _d10197 |
||